UM Logo

Plain English at work : (Record no. 8130)

MARC details
000 -LEADER
fixed length control field 00652nam a2200181 4500
008 - FIXED-LENGTH DATA ELEMENTS--GENERAL INFORMATION
fixed length control field 171213b xxu||||| |||| 00| 0 eng d
020 ## - INTERNATIONAL STANDARD BOOK NUMBER
International Standard Book Number 0195104498
082 ## - DEWEY DECIMAL CLASSIFICATION NUMBER
Edition number 1996
Classification number DC 808.06665
Item number B15
100 ## - MAIN ENTRY--PERSONAL NAME
9 (RLIN) 25163
Personal name Bailey, Edward P., author.
245 ## - TITLE STATEMENT
Title Plain English at work :
Remainder of title a guide to writing and speaking /
Statement of responsibility, etc. Edward P. Bailey, Jr.
260 ## - PUBLICATION, DISTRIBUTION, ETC. (IMPRINT)
Place of publication, distribution, etc. New York :
Name of publisher, distributor, etc. Oxford University Press,
Date of publication, distribution, etc. ©1996.
300 ## - PHYSICAL DESCRIPTION
Extent xii, 286 pages :
Other physical details illustrations ;
Dimensions 22 cm.
500 ## - GENERAL NOTE
General note Includes index.
650 #0 - SUBJECT ADDED ENTRY--TOPICAL TERM
9 (RLIN) 25164
Topical term or geographic name as entry element English language
General subdivision Business English.
650 #0 - SUBJECT ADDED ENTRY--TOPICAL TERM
9 (RLIN) 25165
Topical term or geographic name as entry element Business presentations.
650 #0 - SUBJECT ADDED ENTRY--TOPICAL TERM
9 (RLIN) 25166
Topical term or geographic name as entry element Business writing.
942 ## - ADDED ENTRY ELEMENTS (KOHA)
Source of classification or shelving scheme Dewey Decimal Classification
Koha item type Circulation
Holdings
Withdrawn status Lost status Source of classification or shelving scheme Damaged status Not for loan Collection code Home library Current library Date acquired Source of acquisition Total Checkouts Full call number Barcode Date last seen Copy number Price effective from Koha item type
    Dewey Decimal Classification     Circulation UM Digos College - LIC UM Digos College - LIC 10/29/1996 Purchased   DC 808.06665 B15 1996 12170 05/15/2025 1 12/13/2017 Circulation